Always a loser

Saved in:
Bibliographic Details
Main Author: ARE, Lekan
Format: Book
Language:English
Published: University Press 2001
Tags: Add Tag
No Tags, Be the first to tag this record!

MARC

LEADER 00000nam a22000007a 4500
008 210506b ||||| |||| 00| 0 eng d
020 |a 978-030-729-X 
100 |a ARE, Lekan. 
245 |a Always a loser  |c  Lekan Are  |g  151p 
260 |b University Press  |c  2001  |h Ibadan  |i 665803   |l PR9387.9 .Ar3Al9 
942 |a lcc  |c BK  |e Adekanye, I.H.  |f 06/05/2021 
952 |0 0  |1 0  |2 lcc  |4 0  |6 PR93879 .AR00003AL00009  |7 0  |9 2408  |a HOL  |b AC  |c LP  |d 2021-05-06  |l 0  |o PR9387.9 .Ar3Al9  |p 2021-6259  |r 2021-05-06 00:00:00  |w 2021-05-06  |y BK 
999 |c 1251  |d 1251